Animals: scientific names - Statistics

General Stats
  • This quiz has been taken 23 times
  • The average score is 14 of 32
Answer Stats
scientific name common % Correct
alligator Alligator
95%
Giraffa Giraffe
95%
Gorilla Gorilla
90%
crocodylidae Crocodile
86%
Hippopotamus amphibius Hippo
86%
Lemur catta lemur
86%
Panthera Leo Lion
86%
Ursus maritimus Polar bear
86%
rhinocerotidae rhino
86%
Camelus Camel
81%
Panthera Tigris altaica Tiger
67%
Panthera pardus leopard
62%
Pan Troglodytes Chimpanzee
57%
Ailuropoda melanoleuca Giant Panda
43%
Pongo orangutan
33%
Loxodonta African elephant
24%
myrmecophaga tridactyla anteater
24%
Tursiops Dolphin
24%
Suricatta Suricatta Meerkat
24%
Lutrinae Otter
24%
Odobenus rosmarus Walrus
24%
Ophiophagus hannah Cobra
19%
Phoenicopterus Roseus Flamingo
19%
Ailurus fulgens Red panda
19%
ciconia ciconia Stork
19%
Hystricidae Porcupine
14%
Aptenodytes forsteri Emperor Penguin
10%
Hylobatidae Gibbon
10%
Macaca Mulatta Macaque
10%
Eunectes anaconda
5%
Aldabrachelys Gigantea giant Tortoise
5%
Seal
0%
No matching quizzes found
Score Distribution
Percent of People with Each Score
Percentile by Number Answered
Your Score History
You have not taken this quiz